[Event "4NCL Division 2a"]
[Site "Northampton, ENG"]
[Date "2017.01.15"]
[Round "4.22"]
[White "Graham, David B"]
[Black "Makepeace, Philip J"]
[Result "1-0"]
[WhiteElo "2177"]
[BlackElo "2081"]
[PlyCount "51"]
[EventDate "2017.01.15"]
[WhiteTeam "Sussex Martlets 1"]
[BlackTeam "Downend & Fishponds"]

1. e4 d6 2. Nc3 g6 3. d4 Bg7 4. Nf3 Nf6 5. Be2 O-O 6. O-O Nbd7 7. e5 Ne8 8. Bg5
Nb6 9. Re1 d5 10. a4 a5 11. Qd2 c6 12. Nd1 Nc7 13. b4 Ne6 14. bxa5 Nd7 15. Bh4
Re8 16. a6 b6 17. c4 dxc4 18. Bxc4 Nb8 19. Nc3 Qc7 20. Rac1 Nxa6 21. d5 cxd5
22. Nxd5 Qd8 23. Nxe7+ Rxe7 24. Qxd8+ Nxd8 25. Bxe7 Bb7 26. Ng5 1-0

[Event "4NCL Division 2a"]
[Site "Northampton, ENG"]
[Date "2017.01.15"]
[Round "4.23"]
[White "Savory, Richard J"]
[Black "Willson, Ollie"]
[Result "1/2-1/2"]
[WhiteElo "2088"]
[BlackElo "2060"]
[PlyCount "97"]
[EventDate "2017.01.15"]
[WhiteTeam "Downend & Fishponds"]
[BlackTeam "Sussex Martlets 1"]

1. e4 c5 2. Nf3 d6 3. Bb5+ Bd7 4. Bxd7+ Qxd7 5. O-O Nc6 6. c3 Nf6 7. Re1 e6 8.
d4 d5 9. exd5 Qxd5 10. Qa4 Qd7 11. dxc5 Bxc5 12. Bg5 Be7 13. Nbd2 O-O 14. Rad1
Qc7 15. Bf4 Qa5 16. Qb3 Qa6 17. Nc4 Nd5 18. Bg3 Rfd8 19. Nfe5 Nxe5 20. Nxe5
Rac8 21. Re4 Qb6 22. Qxb6 Nxb6 23. Red4 Rxd4 24. Rxd4 f6 25. Nf3 e5 26. Rd1 Kf7
27. Kf1 Ke6 28. Ke2 Na4 29. Rd2 Rd8 30. Rc2 Rc8 31. Nd2 b5 32. f4 b4 33. c4 Nc5
34. fxe5 fxe5 35. Nf3 Bf6 36. Ke3 a5 37. b3 Rd8 38. Rd2 Rxd2 39. Nxd2 Kf5 40.
Nf3 a4 41. Be1 axb3 42. axb3 Nxb3 43. Bxb4 e4 44. g4+ Kxg4 45. Kxe4 Bd8 46. Bd6
Na5 47. Ne5+ Kh3 48. c5 Nb7 49. Nf7 1/2-1/2

[Event "4NCL Division 2a"]
[Site "Northampton, ENG"]
[Date "2017.01.15"]
[Round "4.24"]
[White "Grant, David J"]
[Black "Meek, Stephen J"]
[Result "1/2-1/2"]
[WhiteElo "2083"]
[BlackElo "2015"]
[PlyCount "68"]
[EventDate "2017.01.15"]
[WhiteTeam "Sussex Martlets 1"]
[BlackTeam "Downend & Fishponds"]

1. e4 c6 2. d4 d5 3. e5 c5 4. dxc5 e6 5. Nf3 Bxc5 6. Bd3 Nc6 7. Nc3 a6 8. O-O
Nge7 9. Bf4 Ng6 10. Bg3 Be7 11. Re1 O-O 12. a3 b5 13. b4 f5 14. exf6 gxf6 15.
Qd2 Rf7 16. Rad1 f5 17. Qh6 Bf6 18. Nb1 Qf8 19. Qxf8+ Rxf8 20. Bd6 Re8 21. Bxf5
Kf7 22. Bxg6+ hxg6 23. Ne5+ Nxe5 24. Bxe5 Bd7 25. Rd3 Bxe5 26. Rxe5 Rec8 27. c3
a5 28. bxa5 Rxa5 29. f4 Ra4 30. g3 Kf6 31. Kf2 Rcc4 32. Nd2 Rc7 33. Nb1 Rcc4
34. Nd2 Rc7 1/2-1/2

[Event "4NCL Division 2a"]
[Site "Northampton, ENG"]
[Date "2017.01.15"]
[Round "4.25"]
[White "French, Max"]
[Black "Bucher, Grant W"]
[Result "0-1"]
[WhiteElo "1972"]
[BlackElo "2124"]
[PlyCount "104"]
[EventDate "2017.01.15"]
[WhiteTeam "Downend & Fishponds"]
[BlackTeam "Sussex Martlets 1"]

1. d4 Nf6 2. c4 g6 3. Nc3 d5 4. cxd5 Nxd5 5. e4 Nxc3 6. bxc3 Bg7 7. Bc4 O-O 8.
Ne2 Nc6 9. Ba3 b6 10. O-O Bb7 11. Bd5 Re8 12. Qa4 Qd7 13. Bc4 Rad8 14. d5 Na5
15. Bb5 c6 16. dxc6 Bxc6 17. Bxc6 Qxc6 18. Qxc6 Nxc6 19. Rfd1 Na5 20. Rxd8 Rxd8
21. Bxe7 Re8 22. Bb4 Rxe4 23. Rd1 Nc6 24. Ng3 Rc4 25. Kf1 Nxb4 26. Rd8+ Bf8 27.
cxb4 Rxb4 28. Rd2 f5 29. Ke2 f4 30. Nf1 Re4+ 31. Kd1 Bc5 32. Rd8+ Kf7 33. f3
Rd4+ 34. Rxd4 Bxd4 35. Nd2 Ke6 36. Kc2 Kd5 37. Kd3 b5 38. Ne4 a5 39. g3 fxg3
40. hxg3 b4 41. Nd2 a4 42. g4 b3 43. Nxb3 axb3 44. axb3 g5 45. b4 Bb6 46. Ke2
Ke5 47. Kf1 Kf4 48. Kg2 Ba7 49. b5 Bc5 50. b6 Bxb6 51. Kh2 Kxf3 52. Kh3 Bd8 0-1

[Event "4NCL Division 2a"]
[Site "Northampton, ENG"]
[Date "2017.01.15"]
[Round "4.26"]
[White "Miller, Dominic"]
[Black "Dilleigh, Stephen P"]
[Result "0-1"]
[WhiteElo "1959"]
[BlackElo "2038"]
[PlyCount "122"]
[EventDate "2017.01.15"]
[WhiteTeam "Sussex Martlets 1"]
[BlackTeam "Downend & Fishponds"]

1. e4 e6 2. d4 d5 3. Nc3 Nf6 4. e5 Nfd7 5. f4 c5 6. Nf3 Nc6 7. Be3 cxd4 8. Nxd4
Bc5 9. Qd2 Bxd4 10. Bxd4 Nxd4 11. Qxd4 Qb6 12. O-O-O Qxd4 13. Rxd4 Ke7 14. Rd2
h5 15. Nb5 Nb6 16. Nd4 g6 17. b3 a5 18. a4 Nd7 19. Bd3 Nc5 20. Rhd1 Bd7 21. Kb2
Rhc8 22. h3 Rab8 23. g4 hxg4 24. hxg4 Rh8 25. f5 gxf5 26. gxf5 Nxd3+ 27. cxd3
exf5 28. Rf1 Rh5 29. Rdf2 Rg8 30. Nxf5+ Bxf5 31. Rxf5 Rxf5 32. Rxf5 Ke6 33. Rh5
d4 34. b4 axb4 35. Kb3 Rc8 36. Kxb4 Rc3 37. Rh6+ Kxe5 38. Rb6 Rc7 39. Rh6 f5
40. Rh4 Rc3 41. Rh7 Rxd3 42. Rxb7 Rd1 43. Re7+ Kd5 44. Rd7+ Ke4 45. Re7+ Kf3
46. Kc4 d3 47. Rd7 Rc1+ 48. Kb3 Ke2 49. Re7+ Kd1 50. Re5 d2 51. Rxf5 Ke2 52.
Rd5 d1=Q+ 53. Rxd1 Rxd1 54. Kc4 Ra1 55. Kb5 Kd3 56. a5 Kd4 57. a6 Kd5 58. Kb6
Kd6 59. Kb7 Rb1+ 60. Ka8 Kc6 61. a7 Rg1 0-1

[Event "4NCL Division 2a"]
[Site "Northampton, ENG"]
[Date "2017.01.15"]
[Round "4.27"]
[White "Young, Daniel J"]
[Black "Higgs, Anthony R J"]
[Result "1-0"]
[WhiteElo "1952"]
[BlackElo "1961"]
[PlyCount "87"]
[EventDate "2017.01.15"]
[WhiteTeam "Downend & Fishponds"]
[BlackTeam "Sussex Martlets 1"]

1. e4 d6 2. d4 Nf6 3. Nc3 Nbd7 4. f4 e5 5. Nf3 exd4 6. Qxd4 Nb6 7. Be3 Be7 8.
O-O-O O-O 9. h3 Be6 10. g4 c5 11. Qd2 Nc4 12. Bxc4 Bxc4 13. g5 Ne8 14. Qg2 Qa5
15. Kb1 b5 16. Nd2 Nc7 17. f5 Rfd8 18. f6 Bf8 19. Nxc4 bxc4 20. Bd2 Rab8 21.
Ka1 Qb6 22. Rb1 Ne6 23. Nd5 Nd4 24. Bc3 Qa6 25. h4 Qa4 26. Rh2 Rb5 27. Rd1 Rdb8
28. h5 R8b7 29. g6 fxg6 30. hxg6 hxg6 31. f7+ Rxf7 32. Rxd4 cxd4 33. Qh3 Rf1+
34. Qxf1 dxc3 35. Nxc3 Qb4 36. Nxb5 Qxb5 37. Qh3 Kf7 38. Rf2+ Ke7 39. Qf3 Qe8
40. e5 Kd7 41. Qxf8 Qxe5 42. a3 c3 43. Rf7+ Kc6 44. Qc8+ 1-0

[Event "4NCL Division 2a"]
[Site "Northampton, ENG"]
[Date "2017.01.15"]
[Round "4.28"]
[White "Lenier, Jude A"]
[Black "Meadows, Michael"]
[Result "1/2-1/2"]
[WhiteElo "2039"]
[BlackElo "1963"]
[PlyCount "50"]
[EventDate "2017.01.15"]
[WhiteTeam "Sussex Martlets 1"]
[BlackTeam "Downend & Fishponds"]

1. e4 c6 2. d4 d5 3. f3 dxe4 4. fxe4 e5 5. Nf3 Bg4 6. Bc4 Nd7 7. O-O Ngf6 8. c3
Bd6 9. Be3 O-O 10. Nbd2 Bh5 11. h3 Re8 12. Qc2 Qc7 13. Nh4 Bg6 14. Nxg6 hxg6
15. a4 Re7 16. Rad1 a6 17. Nf3 Rf8 18. Bg5 b5 19. Bd3 Ree8 20. b3 Rb8 21. Nd2
Qa7 22. Be3 Qc7 23. Ra1 Nh5 24. Rf3 Ra8 25. b4 Nb6 1/2-1/2

[Event "4NCL Division 2a"]
[Site "Northampton, ENG"]
[Date "2017.01.15"]
[Round "4.31"]
[White "Rees, Ioan"]
[Black "Wheeler, Darren P"]
[Result "1/2-1/2"]
[WhiteElo "2277"]
[BlackElo "2252"]
[PlyCount "61"]
[EventDate "2017.01.15"]
[WhiteTeam "West is Best 1"]
[BlackTeam "The ADs"]

1. Nf3 d5 2. e3 c5 3. d4 Nc6 4. Be2 Nf6 5. O-O Bg4 6. Nbd2 e6 7. c3 Qc7 8. a3
cxd4 9. exd4 Bd6 10. Re1 O-O 11. Nf1 Rfe8 12. Bg5 Ne4 13. Bh4 Qb6 14. N3d2 Bxe2
15. Rxe2 Nxd2 16. Qxd2 Na5 17. Rae1 Nc4 18. Qg5 Be7 19. Qg4 Bxh4 20. Qxh4 Qd8
21. Qg4 Qf6 22. Ne3 Nd6 23. Qg3 Ne4 24. Qc7 Re7 25. Qa5 Qg5 26. f3 Nf6 27. Qc5
Ree8 28. Qb5 Reb8 29. g3 Ne8 30. Qd7 Qd8 31. Qxd8 1/2-1/2

[Event "4NCL Division 2a"]
[Site "Northampton, ENG"]
[Date "2017.01.15"]
[Round "4.32"]
[White "Richardson, John R"]
[Black "Rudd, Jack"]
[Result "1-0"]
[WhiteElo "2290"]
[BlackElo "2176"]
[PlyCount "93"]
[EventDate "2017.01.15"]
[WhiteTeam "The ADs"]
[BlackTeam "West is Best 1"]

1. d4 Nf6 2. c4 e6 3. Nc3 Bb4 4. e3 b6 5. Nge2 Ba6 6. a3 Be7 7. Nf4 d5 8. Qa4+
c6 9. cxd5 Bxf1 10. Kxf1 exd5 11. g3 O-O 12. Kg2 a5 13. Bd2 Re8 14. Rhe1 Bd6
15. f3 Bxf4 16. exf4 Ra7 17. Rxe8+ Nxe8 18. Re1 Nd6 19. Kf2 h5 20. Qc2 g6 21.
Na4 Nf5 22. Bc3 Nd7 23. b3 b5 24. Nc5 Nxc5 25. dxc5 d4 26. Bb2 Re7 27. Re4 b4
28. axb4 axb4 29. Qd2 Kf8 30. Qxb4 Ra7 31. Qb6 Qa8 32. Re2 Ra2 33. Qc7 Rxb2 34.
Rxb2 Qa1 35. Re2 Qh1 36. Qb8+ Kg7 37. Re8 Qxh2+ 38. Ke1 Qxg3+ 39. Kd2 Qf2+ 40.
Kc1 Qg1+ 41. Kb2 Qf2+ 42. Ka3 Qe3 43. Rxe3 dxe3 44. b4 h4 45. b5 h3 46. bxc6 h2
47. Qb2+ 1-0

[Event "4NCL Division 2a"]
[Site "Northampton, ENG"]
[Date "2017.01.15"]
[Round "4.33"]
[White "Stewart, Joseph J"]
[Black "Swindells, Jonathan E"]
[Result "0-1"]
[WhiteElo "2145"]
[BlackElo "2305"]
[PlyCount "138"]
[EventDate "2017.01.15"]
[WhiteTeam "West is Best 1"]
[BlackTeam "The ADs"]

1. e4 e5 2. Nf3 Nc6 3. Bb5 Nge7 4. c3 a6 5. Ba4 g6 6. d4 exd4 7. cxd4 Bg7 8. h3
O-O 9. O-O b5 10. Bc2 d6 11. Nc3 Bb7 12. Be3 Qd7 13. Rc1 Na5 14. Nd2 f5 15. f3
Rae8 16. a3 Kh8 17. Ne2 Nd5 18. Bf2 fxe4 19. Bxe4 Nf6 20. Bxb7 Nxb7 21. Ng3 Nd5
22. Nde4 Bh6 23. Rc2 Na5 24. Re1 Nc4 25. Nf1 Qf7 26. a4 Nf4 27. axb5 axb5 28.
Bg3 Nd5 29. Bf2 Nf4 30. Bg3 Nd5 31. Bf2 Ra8 32. Nc3 Nxc3 33. bxc3 Rfe8 34. Rce2
Rxe2 35. Qxe2 Kg8 36. Qe4 d5 37. Qg4 Re8 38. Rxe8+ Qxe8 39. Bg3 c6 40. f4 Nd6
41. Qf3 Qe4 42. Qe3 Qxe3+ 43. Nxe3 Ne4 44. Be1 Bxf4 45. Nd1 Kf7 46. Kf1 Ke6 47.
Ke2 Kd6 48. Kd3 c5 49. dxc5+ Kxc5 50. Bh4 Bg5 51. Be1 Bf6 52. Bf2+ Nxf2+ 53.
Nxf2 Bg7 54. g4 Bf6 55. Kc2 Kc4 56. Nd1 d4 57. Nb2+ Kd5 58. cxd4 Kxd4 59. Nd3
Be7 60. Kd2 b4 61. Nb2 b3 62. Nd1 Bg5+ 63. Ke2 Bc1 64. h4 b2 65. Nxb2 Bxb2 66.
Kf3 Bc1 67. g5 Ke5 68. Kg4 Ke4 69. h5 Bd2 0-1

[Event "4NCL Division 2a"]
[Site "Northampton, ENG"]
[Date "2017.01.15"]
[Round "4.35"]
[White "Stephens, John KF"]
[Black "Stockwell, Mark B"]
[Result "1/2-1/2"]
[WhiteElo "2140"]
[BlackElo "2095"]
[PlyCount "56"]
[EventDate "2017.01.15"]
[WhiteTeam "West is Best 1"]
[BlackTeam "The ADs"]

1. e4 e5 2. Nf3 Nc6 3. Bb5 a6 4. Ba4 Nf6 5. d3 d6 6. c3 g6 7. O-O Bg7 8. Re1
O-O 9. Nbd2 Qe7 10. Nf1 Nd8 11. Bc2 Ne6 12. d4 Nh5 13. Ng3 Nhf4 14. Ne2 Nxe2+
15. Rxe2 Qf6 16. d5 Nf4 17. Bxf4 Qxf4 18. Ne1 f5 19. exf5 gxf5 20. Nd3 Qh6 21.
Qd2 Qxd2 22. Rxd2 Bd7 23. Re1 Rae8 24. Rdd1 Bh6 25. g3 f4 26. gxf4 Bxf4 27.
Nxf4 Rxf4 28. Re3 Re7 1/2-1/2

[Event "4NCL Division 2a"]
[Site "Northampton, ENG"]
[Date "2017.01.15"]
[Round "4.36"]
[White "Anderton, David W"]
[Black "Bullen, Alex"]
[Result "1/2-1/2"]
[WhiteElo "2132"]
[BlackElo "2105"]
[PlyCount "128"]
[EventDate "2017.01.15"]
[WhiteTeam "The ADs"]
[BlackTeam "West is Best 1"]

1. d4 Nf6 2. c4 e6 3. Nc3 Bb4 4. Qc2 d5 5. cxd5 exd5 6. Bg5 c5 7. dxc5 h6 8.
Bh4 g5 9. Bg3 Ne4 10. e3 Qa5 11. Nge2 Bf5 12. Be5 O-O 13. Nd4 Re8 14. Bxb8 Nxc3
15. Nxf5 Ne4+ 16. Kd1 Raxb8 17. f3 Nf6 18. Rc1 Qxa2 19. Bb5 Re6 20. Ke2 Rc8 21.
c6 Qa5 22. Nd4 Re5 23. Qa4 Qxa4 24. Bxa4 b6 25. Bb5 Bc5 26. Rhd1 Ne8 27. Ba6
Rc7 28. b4 Bxb4 29. Nb5 Bc5 30. Rxc5 bxc5 31. Nxc7 Nxc7 32. Bb7 d4 33. e4 Kf8
34. Kd3 Ke7 35. Ra1 a5 36. Kc4 Kd6 37. Rxa5 f5 38. Ra3 fxe4 39. fxe4 Rxe4 40.
Rf3 Rf4 41. Rh3 Rf6 42. Ra3 Re6 43. Rh3 Nd5 44. Rf3 Ne7 45. Kb5 Re3 46. Rf6+
Ke5 47. Rf7 Kd6 48. Rf6+ Re6 49. Rxe6+ Kxe6 50. Kxc5 d3 51. Ba6 d2 52. Be2 Nd5
53. Kd4 Nf4 54. Ke3 Nxg2+ 55. Kxd2 Kd6 56. Bf3 Nf4 57. Ke3 Ng6 58. Ke4 Ne7 59.
c7 Kxc7 60. Ke5 Ng6+ 61. Kf6 Nf4 62. Kg7 h5 63. Bxh5 Nxh5+ 64. Kg6 Nf4+ 1/2-1/2

[Event "4NCL Division 2a"]
[Site "Northampton, ENG"]
[Date "2017.01.15"]
[Round "4.37"]
[White "Homer, Stephen J"]
[Black "Bellin, Jana M"]
[Result "1/2-1/2"]
[WhiteElo "2018"]
[BlackElo "2035"]
[PlyCount "58"]
[EventDate "2017.01.15"]
[WhiteTeam "West is Best 1"]
[BlackTeam "The ADs"]

1. e4 c5 2. Nf3 e6 3. d3 Nc6 4. g3 d5 5. Qe2 Nf6 6. Bg2 Be7 7. O-O O-O 8. e5
Nd7 9. c4 d4 10. h4 Qc7 11. Bf4 a6 12. Nbd2 Rb8 13. Rfe1 b5 14. b3 Nb4 15. Ne4
Bb7 16. Nd6 Bxf3 17. Bxf3 Nxe5 18. Qxe5 Nxd3 19. Qxg7+ Kxg7 20. Nf5+ exf5 21.
Bxc7 Nxe1 22. Rxe1 Bf6 23. Bxb8 Rxb8 24. Bd5 b4 25. Kg2 h5 26. Kf3 Kg6 27. Kf4
Bd8 28. Kf3 Bf6 29. Re2 a5 1/2-1/2

[Event "4NCL Division 2a"]
[Site "Northampton, ENG"]
[Date "2017.01.15"]
[Round "4.38"]
[White "Anderton, Doreen"]
[Black "Howell, Oliver W"]
[Result "0-1"]
[WhiteElo "1510"]
[BlackElo "1668"]
[PlyCount "59"]
[EventDate "2017.01.15"]
[WhiteTeam "The ADs"]
[BlackTeam "West is Best 1"]

1. d4 e6 2. c4 f5 3. Nf3 Nf6 4. Nc3 Be7 5. Qc2 O-O 6. e3 d6 7. Bd3 Na6 8. a3
Qe8 9. Bd2 Qg6 10. g3 b6 11. O-O-O Bb7 12. Nh4 Qf7 13. Rhg1 Ng4 14. f3 Nf2 15.
Rde1 Nxd3+ 16. Qxd3 e5 17. d5 Nc5 18. Qc2 Qh5 19. e4 Bxh4 20. gxh4 Qxf3 21. Bh6
Nd3+ 22. Qxd3 Qxd3 23. Rxg7+ Kh8 24. Rxc7 Rg8 25. Rxb7 Rg2 26. Ne2 Rxe2 27.
Rxe2 Qxe2 28. Bg7+ Kg8 29. exf5 Qxc4+ 30. Kd2 0-1

[Event "4NCL Division 2a"]
[Site "Northampton, ENG"]
[Date "2017.01.15"]
[Round "4.41"]
[White "Frostick, Clive A"]
[Black "Fallowfield, Jeremy R"]
[Result "1/2-1/2"]
[WhiteElo "2177"]
[BlackElo "2170"]
[PlyCount "34"]
[EventDate "2017.01.15"]
[WhiteTeam "CSC Dragons"]
[BlackTeam "Warwickshire Select 2"]

1. e4 e5 2. Nf3 Nc6 3. Bb5 a6 4. Ba4 Nf6 5. d3 d6 6. c3 g6 7. O-O Bg7 8. a3 O-O
9. b4 Re8 10. Bb2 Bd7 11. Nbd2 h6 12. Re1 Nh5 13. Nf1 Nf4 14. g3 Nh3+ 15. Kg2
Ng5 16. Nxg5 Qxg5 17. Bc1 Qd8 1/2-1/2

[Event "4NCL Division 2a"]
[Site "Northampton, ENG"]
[Date "2017.01.15"]
[Round "4.42"]
[White "Stepanyan, Henrik"]
[Black "Farrand, Tom"]
[Result "1-0"]
[WhiteElo "2155"]
[BlackElo "2167"]
[PlyCount "67"]
[EventDate "2017.01.15"]
[WhiteTeam "Warwickshire Select 2"]
[BlackTeam "CSC Dragons"]

1. d4 f5 2. e4 fxe4 3. Nc3 Nf6 4. Bg5 d5 5. Bxf6 exf6 6. Qh5+ g6 7. Qxd5 Bb4 8.
Qxe4+ Kf7 9. Bc4+ Kg7 10. Nge2 Re8 11. Qd5 Qe7 12. O-O Nc6 13. Qf3 Bf5 14. Nd5
Qd6 15. Ne3 Be4 16. Qg3 Na5 17. c3 Nxc4 18. Nxc4 Qc6 19. cxb4 Qxc4 20. Nc3 Rac8
21. Rac1 Bc6 22. b5 Bxb5 23. b3 Qd3 24. Nxb5 Qxb5 25. Rxc7+ Rxc7 26. Qxc7+ Kh6
27. Qf7 Re2 28. Qxf6 Rxa2 29. Qf8+ Kh5 30. Qe7 h6 31. Re1 Qf5 32. Qe3 g5 33.
Qe8+ Kh4 34. g3+ 1-0

[Event "4NCL Division 2a"]
[Site "Northampton, ENG"]
[Date "2017.01.15"]
[Round "4.43"]
[White "Thompson, Ian D"]
[Black "Paterson, Andrew I"]
[Result "1-0"]
[WhiteElo "2153"]
[BlackElo "2080"]
[PlyCount "39"]
[EventDate "2017.01.15"]
[WhiteTeam "CSC Dragons"]
[BlackTeam "Warwickshire Select 2"]

1. c4 f5 2. d4 Nf6 3. Nc3 e6 4. g3 Bb4 5. Bg2 O-O 6. e3 d6 7. Nge2 Qe8 8. O-O
Bxc3 9. Nxc3 e5 10. b4 Kh8 11. Bb2 f4 12. dxe5 dxe5 13. exf4 exf4 14. Nd5 Nxd5
15. Qxd5 Nc6 16. Rfe1 Qg6 17. b5 f3 18. Bf1 Nd8 19. Re7 Nf7 20. Bd3 1-0

[Event "4NCL Division 2a"]
[Site "Northampton, ENG"]
[Date "2017.01.15"]
[Round "4.44"]
[White "Page, Mark E"]
[Black "Fegan, Chris"]
[Result "1-0"]
[WhiteElo "2111"]
[BlackElo "2070"]
[PlyCount "83"]
[EventDate "2017.01.15"]
[WhiteTeam "Warwickshire Select 2"]
[BlackTeam "CSC Dragons"]

1. e4 c5 2. Nf3 d6 3. d4 cxd4 4. Qxd4 Nc6 5. Bb5 Bd7 6. Qd3 Rc8 7. Nc3 Nf6 8.
Bg5 Nb4 9. Bxd7+ Qxd7 10. Qe2 g6 11. a3 Nc6 12. O-O-O Qe6 13. Bxf6 Qxf6 14. Nd5
Bh6+ 15. Kb1 Qe6 16. Rhe1 Bg7 17. Qb5 O-O 18. Nf4 Qd7 19. e5 Qf5 20. Nd5 Rfe8
21. exd6 exd6 22. Rxe8+ Rxe8 23. Qxb7 Rc8 24. Qxc6 Rxc6 25. Ne7+ Kf8 26. Nxf5
gxf5 27. Rd5 f4 28. c3 Ke7 29. Kc2 Ke6 30. Ra5 d5 31. Kd3 Rc7 32. Nd4+ Ke5 33.
Rxa7 Rxa7 34. Nc6+ Kd6 35. Nxa7 Kc5 36. b4+ Kb6 37. Nc8+ Kb5 38. Nd6+ Ka4 39.
Nxf7 Bf8 40. Ng5 h6 41. Ne6 Be7 42. Nxf4 1-0

[Event "4NCL Division 2a"]
[Site "Northampton, ENG"]
[Date "2017.01.15"]
[Round "4.45"]
[White "Purdon, Colin"]
[Black "Purcell, Philip"]
[Result "1/2-1/2"]
[WhiteElo "2054"]
[BlackElo "2027"]
[PlyCount "68"]
[EventDate "2017.01.15"]
[WhiteTeam "CSC Dragons"]
[BlackTeam "Warwickshire Select 2"]

1. d4 Nf6 2. c4 g6 3. Nc3 Bg7 4. e4 d6 5. Nf3 O-O 6. h3 e5 7. d5 Nh5 8. g3 Na6
9. Bg2 f5 10. exf5 gxf5 11. Ng5 Nf6 12. O-O h6 13. Ne6 Bxe6 14. dxe6 c6 15. f4
Qe7 16. fxe5 dxe5 17. Rxf5 Qxe6 18. Qf1 Nd7 19. Rxf8+ Rxf8 20. Qe2 Nb6 21. Ne4
Nxc4 22. b3 Nb6 23. Ba3 Rd8 24. Rf1 Nd5 25. Kh2 Nf6 26. Rd1 Rxd1 27. Qxd1 Nd5
28. h4 Qg6 29. Qd2 Nac7 30. Nd6 Bf8 31. Be4 Qf6 32. Nc4 Bxa3 33. Nxa3 b5 34.
Nxb5 Nxb5 1/2-1/2

[Event "4NCL Division 2a"]
[Site "Northampton, ENG"]
[Date "2017.01.15"]
[Round "4.46"]
[White "Green, Anthony J"]
[Black "Ismailov, Roman"]
[Result "1-0"]
[WhiteElo "1975"]
[BlackElo "2038"]
[PlyCount "65"]
[EventDate "2017.01.15"]
[WhiteTeam "Warwickshire Select 2"]
[BlackTeam "CSC Dragons"]

1. d4 d5 2. c4 e6 3. Nc3 Nf6 4. cxd5 exd5 5. Bg5 Be7 6. Qc2 O-O 7. e3 Nbd7 8.
Bd3 h6 9. Bf4 c6 10. Nge2 Re8 11. O-O Nf8 12. Rae1 Ne6 13. Bg3 Bd7 14. f3 c5
15. Qd2 Bc6 16. Bf5 Nf8 17. dxc5 Bxc5 18. Nd4 g6 19. Bb1 Qb6 20. Kh1 Rad8 21.
Bf4 Kg7 22. Nb3 Ne6 23. Nxc5 Qxc5 24. Be5 Qe7 25. Qf2 Nc5 26. Bd4 Kh7 27. Qh4
Nfd7 28. Qxe7 Rxe7 29. b4 Ne6 30. b5 Rc8 31. bxc6 bxc6 32. Rc1 a5 33. Nxd5 1-0

[Event "4NCL Division 2a"]
[Site "Northampton, ENG"]
[Date "2017.01.15"]
[Round "4.47"]
[White "Head, Louise"]
[Black "Ingram, Keith R"]
[Result "1/2-1/2"]
[WhiteElo "2029"]
[BlackElo "1977"]
[PlyCount "121"]
[EventDate "2017.01.15"]
[WhiteTeam "CSC Dragons"]
[BlackTeam "Warwickshire Select 2"]

1. d4 e6 2. c4 d5 3. Nf3 Be7 4. Nc3 Nf6 5. Bg5 h6 6. Bh4 O-O 7. e3 b6 8. cxd5
exd5 9. Qc2 Bb7 10. Bd3 Nbd7 11. O-O Ne4 12. Nxd5 Bxh4 13. Bxe4 Rb8 14. Nb4 c5
15. Bxb7 cxb4 16. Nxh4 Rxb7 17. Nf3 Rc7 18. Qa4 Qe7 19. Rfc1 Rfc8 20. Qd1 Nf6
21. h3 Qe6 22. Rxc7 Rxc7 23. Ne5 a5 24. Nd3 Ne4 25. Nf4 Qc4 26. Nd3 Qc2 27.
Qxc2 Rxc2 28. Rd1 Nd2 29. Rc1 Rxc1+ 30. Nxc1 a4 31. f3 Nc4 32. Nd3 b3 33. axb3
Nxb2 34. Nc1 Nd1 35. e4 b5 36. bxa4 bxa4 37. Na2 Kf8 38. Kf1 Ne3+ 39. Kf2 Nc4
40. Ke2 Ke7 41. Nc3 a3 42. Kd3 Nd6 43. Kc2 Nc4 44. Nd5+ Kd6 45. Kb1 f5 46. Ka2
g5 47. Nb4 f4 48. Nd3 h5 49. Kb3 Ne3 50. Ne1 g4 51. hxg4 hxg4 52. Kxa3 Nxg2 53.
e5+ Kd7 54. Nd3 gxf3 55. Kb4 Ke6 56. Kc5 Kf5 57. Nf2 Ne3 58. Kd6 Nc4+ 59. Kd5
Ne3+ 60. Kc6 Nc4 61. Kd5 1/2-1/2

[Event "4NCL Division 2a"]
[Site "Northampton, ENG"]
[Date "2017.01.15"]
[Round "4.48"]
[White "Phillips, David"]
[Black "Vlcek, Marek"]
[Result "0-1"]
[WhiteElo "1675"]
[BlackElo "2022"]
[PlyCount "44"]
[EventDate "2017.01.15"]
[WhiteTeam "Warwickshire Select 2"]
[BlackTeam "CSC Dragons"]

1. d4 Nf6 2. Nf3 d5 3. e3 e6 4. Bd3 Nbd7 5. O-O Bd6 6. b3 Qe7 7. Bb2 e5 8. dxe5
Nxe5 9. Be2 O-O 10. Nbd2 Re8 11. c4 dxc4 12. Bxe5 Bxe5 13. Nxe5 Qxe5 14. Nf3
Qe7 15. Bxc4 Bg4 16. Be2 Rad8 17. Qc2 Nd5 18. Rac1 c6 19. Qc5 Qxc5 20. Rxc5 Nf4
21. Re1 Nxe2+ 22. Rxe2 Rd1+ 0-1

[Event "4NCL Division 2a"]
[Site "Northampton, ENG"]
[Date "2017.02.11"]
[Round "5.11"]
[White "Hodgson, John H"]
[Black "Jogstad, Martin"]
[Result "0-1"]
[WhiteElo "2118"]
[BlackElo "2294"]
[PlyCount "92"]
[EventDate "2017.02.11"]
[WhiteTeam "Barbican 4NCL Youth"]
[BlackTeam "CSC Dragons"]

1. e4 e6 2. d4 d5 3. Nd2 Nf6 4. e5 Nfd7 5. c3 c5 6. Bd3 Nc6 7. Ne2 cxd4 8. cxd4
f6 9. exf6 Nxf6 10. O-O Bd6 11. Nf3 Qc7 12. Bg5 O-O 13. Rc1 Bd7 14. Ng3 Qb6 15.
Bxf6 gxf6 16. Qd2 Rf7 17. a3 Kh8 18. Be2 Rg8 19. Rfd1 Rfg7 20. Ne1 Be8 21. Rc3
Qc7 22. Bf3 Bf4 23. Qe2 Qd6 24. Nf1 Bf7 25. g3 e5 26. Nc2 exd4 27. Rb3 d3 28.
Rdxd3 d4 29. Rxb7 Bc4 30. Rxg7 Rxg7 31. Qe8+ Rg8 32. Qxc6 Bxd3 33. Qxd6 Bxd6
34. Nxd4 Rc8 35. Nc6 Rc7 36. Ne3 Bb5 37. Nd4 Rc1+ 38. Kg2 Bd3 39. Bd5 Bc5 40.
Ndf5 Bxf5 41. Nxf5 Rc2 42. Kf3 Rxf2+ 43. Kg4 Rxb2 44. h4 Bxa3 45. Ne3 Rb5 46.
Be6 Re5 0-1

[Event "4NCL Division 2a"]
[Site "Northampton, ENG"]
[Date "2017.02.11"]
[Round "5.12"]
[White "Frostick, Clive A"]
[Black "Whatley, Stephen A J"]
[Result "0-1"]
[WhiteElo "2184"]
[BlackElo "2115"]
[PlyCount "56"]
[EventDate "2017.02.11"]
[WhiteTeam "CSC Dragons"]
[BlackTeam "Barbican 4NCL Youth"]

1. e4 c5 2. Nf3 Nc6 3. Bb5 e6 4. Bxc6 bxc6 5. b3 d6 6. Bb2 e5 7. d3 Ne7 8. Nbd2
Ng6 9. Nf1 Be7 10. Ne3 O-O 11. O-O f5 12. exf5 Bxf5 13. Nxf5 Rxf5 14. Nd2 Qd7
15. Qg4 Raf8 16. Rae1 Nf4 17. Ne4 h5 18. Qd1 h4 19. Re3 d5 20. Nd2 d4 21. Re4
Nxg2 22. Qg4 Ne3 23. fxe3 Rg5 24. Rxf8+ Kxf8 25. Qxg5 Bxg5 26. Nf3 Bxe3+ 27.
Kg2 h3+ 28. Kf1 g5 0-1

[Event "4NCL Division 2a"]
[Site "Northampton, ENG"]
[Date "2017.02.11"]
[Round "5.13"]
[White "Brett, Andrew R"]
[Black "Thompson, Ian D"]
[Result "1/2-1/2"]
[WhiteElo "2119"]
[BlackElo "2177"]
[PlyCount "61"]
[EventDate "2017.02.11"]
[WhiteTeam "Barbican 4NCL Youth"]
[BlackTeam "CSC Dragons"]

1. e4 e6 2. d4 d5 3. Nc3 Nf6 4. e5 Nfd7 5. f4 c5 6. Nf3 Nc6 7. Be3 cxd4 8. Nxd4
Bc5 9. Qd2 O-O 10. O-O-O a6 11. Qf2 Bb4 12. Nce2 Qe7 13. c3 Ba5 14. Kb1 f6 15.
exf6 Qxf6 16. f5 e5 17. Nb3 Qf7 18. g4 Nf6 19. h3 g6 20. Nxa5 Nxa5 21. Bg2 gxf5
22. gxf5 Kh8 23. Rhg1 Nc6 24. Bh6 Rg8 25. Bxd5 Nxd5 26. Rxg8+ Qxg8 27. Rg1 Qf7
28. Bg7+ Kg8 29. Bh6+ Kh8 30. Bg7+ Kg8 31. Bh6+ 1/2-1/2

[Event "4NCL Division 2a"]
[Site "Northampton, ENG"]
[Date "2017.02.11"]
[Round "5.14"]
[White "Farrand, Tom"]
[Black "Hughes, Roy"]
[Result "1/2-1/2"]
[WhiteElo "2156"]
[BlackElo "2013"]
[PlyCount "43"]
[EventDate "2017.02.11"]
[WhiteTeam "CSC Dragons"]
[BlackTeam "Barbican 4NCL Youth"]

1. e4 d5 2. exd5 Qxd5 3. Nc3 Qd6 4. g3 Nf6 5. Bg2 c6 6. d4 Bf5 7. Nf3 e6 8. O-O
Nbd7 9. a3 Qc7 10. Re1 Be7 11. Bf4 Qd8 12. b4 O-O 13. Na4 Nd5 14. Bd2 b5 15.
Nc5 Nxc5 16. bxc5 Bg4 17. Qc1 Bxf3 18. Bxf3 Bf6 19. c3 Re8 20. Bf4 Qd7 21. Bd6
Be7 22. Bxe7 1/2-1/2